Analysis of the antigenic profiles of immunogenic mouse tumor cells following DNA - medicated gene transfer /
Saved in:
| Main Author: | |
|---|---|
| Format: | Thesis Book |
| Language: | English |
| Published: |
1991.
|
| Subjects: | |
| Tags: |
Add Tag
No Tags, Be the first to tag this record!
|
| LEADER | 00868cam a2200253 a 4500 | ||
|---|---|---|---|
| 001 | u148254 | ||
| 003 | SIRSI | ||
| 008 | 920320s1991 si v 00 0 eng m | ||
| 035 | |a AAR-3606 | ||
| 040 | |a UMM | ||
| 090 | |a QR184.315 |b Sim | ||
| 100 | 1 | 0 | |a Sim, Tse'Fong. |
| 245 | 1 | 0 | |a Analysis of the antigenic profiles of immunogenic mouse tumor cells following DNA - medicated gene transfer / |c by Sim Tse'Fong. |
| 260 | 1 | |c 1991. | |
| 300 | |a x, 93 leaves : |b ill. ; |c 30 cm. | ||
| 500 | |a Photocopy. | ||
| 502 | |a Dissertation (M.Sc.) -- National University of Singapore, 1991. | ||
| 504 | |a Bibliography: leaves 84-93. | ||
| 650 | 0 | |a Genetic transformation. | |
| 650 | 0 | |a Major histocompatibility complex. | |
| 650 | 0 | |a Tissues specific antigens. | |
| 948 | |a 20/03/1992 |b 29/10/2002 | ||
| 596 | |a 1 | ||
| 999 | |a QR184.315 SIM |w LC |c 1 |i A011066036 |l STACKS |m P01UTAMA |r Y |s Y |t TESIS |u 2/4/1992 | ||
